000 00736nam a2200253#a 4500
001 00887
003 HDC
007 ta
008 230623s2009 xx 000 0 eng d
020 _a19850379 (pbk.).
040 _aHDC
050 _aMFBD HD 9016
_b.M35 2009
240 _aMalaysia food business directory
245 0 _aMalaysia food business directory 2009/2010
264 _aShah Alam :
_bMarshall Cavendish (M),
_c2009-
300 _av. :
_b col. ill. ;
_c 30cm.
500 _aDescription based on : (2009/2010)
650 _aFood industry and trade
_zMalaysia
_vDirectories
650 _aFood industry and trade
_zMalaysia
_vPeriodicals
942 _2lcc
942 _cBK
942 _kMFBD HD 9016
942 _m.M35 2009
999 _c22491
_d22491